000 00232nam a22000977a 4500
082 _a338.9724PRO.
245 _aProblems of economic management on the government.
260 _bBudapest.
_c1968.
300 _a237p.
_b23cm.
942 _cBK
999 _c13946
_d13946